000 00749nam a2200253Ia 4500
005 20250425162841.0
008 250425s9999 xx 000 0 und d
020 _a9789587711271
041 _aspa
082 _a658.5
_pESC
100 _aEscalante Gómez, Juan Esteban
245 0 _aCostos logísticos
_cJuan Esteban, Escalante Gómez; Ricardo, Uribe Marín
250 _aPrimera edición
260 _aBogota
_bEcoe Ediciones
_c2014
300 _a131 pagina
_bilustración
_c25 cm.
504 _abibliografía
650 _aAdministración industrial
650 _aGestión de costos
650 _aLogística en los negocios
700 _aUribe Marín, Ricardo
902 _aMonográfico
_cImpreso
942 _c01
010 _a113642
999 _c237727
_d237727